History Quiz

Random History Quiz

Republican Takeovers 2010 Quiz Stats

 Plays Quiz not verified by Sporcle

Score 0/72 Timer 15:00
0 Plays Today
Previous Holder Senator/Congressman % Correct
Arlen SpecterPat Toomey
89.2%
Russ FeingoldRon Johnson
86.5%
Roland BurrisMark Kirk
85.1%
Blanche LincolnJohn Boozman
82.4%
Evan BayhDan Coats
78.4%
Byron DorganJohn Hoeven
70.7%
Charlie WilsonBill Johnson
63.1%
Scott MurphyChristopher Gibson
54.5%
Stephanie Herseth SandlinKristi Noem
47.7%
Bobby BrightMartha Roby
45.5%
Ron KleinAllen West
43.7%
John SalazarScott Tipton
42.3%
Alan GraysonDaniel Webster
42.3%
Jim OberstarChip Cravaack
42.3%
Mark SchauerTim Walberg
41.9%
Dina TitusJoe Heck
41.4%
Baron HillTodd Young
40.1%
Frank Kratovil, Jr.Andy Harris
39.6%
Steve DriehausSteve Chabot
39.6%
John HallNan Hayworth
39.2%
Jim MarshallAustin Scott
38.7%
Bart StupakDan Benishek
38.3%
Zack SpaceBob Gibbs
38.3%
Chet EdwardsBill Flores
38.3%
Melissa BeanJoe Walsh
38.3%
Phil HareBobby Schilling
37.8%
Travis ChildersAlan Nunnelee
37.8%
Paul HodesCharlie Bass
37.8%
Earl PomeroyRick Berg
37.8%
Walt MinnickRaul Labrador
37.4%
Michael McMahonMike Grimm
37.4%
Paul KanjorskiLou Barletta
37.4%
Dan MaffeiAnn Marie Buerkle
37.4%
Betsy MarkeyCory Gardner
36.9%
Michael ArcuriRichard Hanna
36.9%
Harry TeagueSteve Pearce
36.5%
Previous Holder Senator/Congressman % Correct
Mary Jo KilroySteve Stivers
36.5%
Vic SnyderTim Griffin
36%
Gene TaylorSteven Palazzo
36%
Bart GordonDiane Black
36%
Carol Shea-PorterFrank Guinta
35.6%
Bill FosterRandy Hultgren
35.1%
Dennis MooreKevin Yoder
34.7%
Allen BoydSteve Southerland
34.2%
Debbie HalvorsonAdam Kinzinger
34.2%
John AdlerJon Runyan
34.2%
John BoccieriJim Renacci
34.2%
Harry MitchellDavid Schweikert
33.8%
John Spratt, Jr.Mick Mulvaney
33.8%
Ann KirkpartickPaul Gosar
33.3%
Bob EtheridgeRenee Elmers
33.3%
Lincoln DavisScott DesJarlais
33.3%
Suzanne KosmasSandra Adams
32.4%
Charlie MelanconJeff Landry
32.4%
Eric MassaThomas Reed
32%
Marion BerryRick Crawford
31.5%
Ike SkeltonVicky Hartzler
31.5%
Joe SestakPatrick Meehan
31.1%
Patrick MurphyMichael Fitzpatrick
31.1%
Ciro RodriguezQuico Canseco
31.1%
Christopher CarneyThomas Marino
30.6%
Brad EllsworthLarry Bucshon
29.7%
Kathy DahlkemperMike Kelly
29.7%
David ObeySean Duffy
29.7%
John TannerStephen Fincher
25.7%
Glenn NyeScott Rigell
24.8%
Tom PerielloRobert Hurt
24.3%
Rick BoucherMorgan Griffith
24.3%
Steve KagenReid Ribble
23.4%
Allan MollohanDavid McKinley
23%
Brian BairdJamie Herrera
22.5%
Solomon OrtizBlake Farenhold
14.9%

You're not logged in!

Compare scores with friends on all Sporcle quizzes.
OR
Log In

Show Comments

Extras

Top Quizzes Today


Score Distribution

Your Account Isn't Verified!

In order to create a playlist on Sporcle, you need to verify the email address you used during registration. Go to your Sporcle Settings to finish the process.

Report this User

Report this user for behavior that violates our Community Guidelines.

Details: